| 000 | 00466nam a2200181Ia 4500 | ||
|---|---|---|---|
| 003 | GCL | ||
| 008 | 140319s9999 xx 000 0 eng d | ||
| 040 |
_aGCL / _cGCL |
||
| 082 | 0 | 4 |
_a398.2 _bM B |
| 100 | 1 | _aMATHERS, POWYS | |
| 245 | 1 | 0 |
_aTHE THOUSAND NIGHTS AND ONE NIGHT / _cMATHERS, POWYS |
| 700 | 1 | _aMARDRUS, J.C | |
| 260 |
_a[S.N] : _bROUTLEDGE ، _c1993 |
||
| 650 | 0 | 4 | _aLITERATURE |
| 650 | 0 | 4 | _aFOLKLORE |
| 650 | 0 | 4 | _aFOLKLORE LITERATURE |
| 942 |
_2ddc _cBK |
||
| 999 |
_c12502 _d12502 |
||